Deep-Sea photography (Record no. 3053)
[ view plain ]
| 000 -LEADER | |
|---|---|
| fixed length control field | 00599nam a2200193Ia 4500 |
| 003 - CONTROL NUMBER IDENTIFIER | |
| control field | IN-BaIIA |
| 008 - FIXED-LENGTH DATA ELEMENTS--GENERAL INFORMATION | |
| fixed length control field | 211028s9999 xx 000 0 eng d |
| 040 ## - CATALOGING SOURCE | |
| Transcribing agency | IIA Library |
| 080 ## - UNIVERSAL DECIMAL CLASSIFICATION NUMBER | |
| Universal Decimal Classification number | 77:551.46 |
| Item number | HER |
| 245 #0 - TITLE STATEMENT | |
| Title | Deep-Sea photography |
| Statement of responsibility, etc. | edited by J. B. Hersey |
| 260 ## - PUBLICATION, DISTRIBUTION, ETC. | |
| Place of publication, distribution, etc. | Baltimore |
| Name of publisher, distributor, etc. | The Johns Hopkins University Press |
| Date of publication, distribution, etc. | 1967 |
| 300 ## - PHYSICAL DESCRIPTION | |
| Extent | 310p. |
| 490 ## - SERIES STATEMENT | |
| Series statement | The Johns Hopkins oceanographic studies; no. 3 |
| 650 ## - SUBJECT ADDED ENTRY--TOPICAL TERM | |
| Topical term or geographic name entry element | NASA thesaurus |
| 650 ## - SUBJECT ADDED ENTRY--TOPICAL TERM | |
| Topical term or geographic name entry element | Photographic processing |
| 650 ## - SUBJECT ADDED ENTRY--TOPICAL TERM | |
| Topical term or geographic name entry element | Photography |
| 700 ## - ADDED ENTRY--PERSONAL NAME | |
| Personal name | Hersey, J. B., ed. |
| 9 (RLIN) | 5430 |
| 942 ## - ADDED ENTRY ELEMENTS (KOHA) | |
| Koha item type | Books |
| Withdrawn status | Lost status | Damaged status | Not for loan | Home library | Current library | Shelving location | Date acquired | Total Checkouts | Full call number | Barcode | Date last seen | Price effective from | Koha item type | Purchase Price |
|---|---|---|---|---|---|---|---|---|---|---|---|---|---|---|
| IIA Library-Bangalore | IIA Library-Bangalore | General Stacks | 31/05/1968 | 77:551.46/ HER | 3396 | 05/11/2021 | 31/05/1968 | Books | Free |